[Event "Asian Individual 2025"]
[Site "Al Ain UAE"]
[Date "2025.05.07"]
[Round "1.23"]
[White "Zia, Tahsin Tajwar"]
[Black "Zemlyanskii, Ivan"]
[Result "0-1"]
[WhiteTitle "FM"]
[BlackTitle "GM"]
[WhiteElo "2374"]
[BlackElo "2563"]
[WhiteFideId "10211888"]
[BlackFideId "24249971"]
[EventDate "2025.05.07"]

1. Nf3 Nf6 2. c4 g6 3. Nc3 Bg7 4. e4 d6 5. d4 O-O 6. Be2 e5 7. O-O Nc6 8. d5 Ne7
9. b4 a5 10. Ba3 axb4 11. Bxb4 b6 12. a4 Nh5 13. Re1 Nf4 14. Bf1 f5 15. a5 bxa5
16. Bxa5 fxe4 17. Ng5 Nexd5 18. Ncxe4 Nf6 19. g3 Ne6 20. Nxe6 Bxe6 21. Ng5 Bg4
22. f3 Bf5 23. Qd2 Ra7 24. Bc3 Rxa1 25. Rxa1 Re8 26. Bg2 Qb8 27. g4 Bd7 28. h4
Qb6+ 29. Kh1 Qc5 30. Qe2 Rf8 31. Bd2 e4 32. Ra5 Qd4 33. Nxe4 Nxe4 34. fxe4 Rf2
35. Ra8+ Kf7 0-1

[Event "Asian Individual 2025"]
[Site "Al Ain UAE"]
[Date "2025.05.07"]
[Round "1.24"]
[White "Sankalp, Gupta"]
[Black "Isanzhulov, Arystan"]
[Result "1/2-1/2"]
[WhiteTitle "GM"]
[BlackTitle "IM"]
[WhiteElo "2559"]
[BlackElo "2372"]
[WhiteFideId "5097010"]
[BlackFideId "13711644"]
[EventDate "2025.05.07"]

1. Nf3 Nf6 2. c4 e6 3. Nc3 d5 4. e3 b6 5. cxd5 exd5 6. g3 Be7 7. Bg2 Ba6 8. d3
O-O 9. O-O Nbd7 10. Re1 Nc5 11. Bf1 Re8 12. b3 Ne6 13. Bb2 d4 14. exd4 Nxd4 15.
Ne4 Nxf3+ 16. Qxf3 Nxe4 17. dxe4 Bxf1 18. Rad1 Qc8 19. Kxf1 Bb4 20. Re2 Qh3+ 21.
Kg1 1/2-1/2

[Event "Asian Individual 2025"]
[Site "Al Ain UAE"]
[Date "2025.05.07"]
[Round "1.25"]
[White "Firman Syah, Farid"]
[Black "Bharath, Subramaniyam H"]
[Result "1-0"]
[WhiteTitle "IM"]
[BlackTitle "GM"]
[WhiteElo "2369"]
[BlackElo "2556"]
[WhiteFideId "7102526"]
[BlackFideId "46634827"]
[EventDate "2025.05.07"]

1. Nf3 Nf6 2. c4 e6 3. g3 d5 4. Bg2 d4 5. O-O c5 6. e3 Nc6 7. exd4 cxd4 8. d3
Nd7 9. Re1 Be7 10. Na3 e5 11. Nc2 a5 12. b3 O-O 1-0

[Event "Asian Individual 2025"]
[Site "Al Ain UAE"]
[Date "2025.05.07"]
[Round "1.26"]
[White "Grebnev, Aleksey"]
[Black "Panda, Sambit"]
[Result "1-0"]
[WhiteTitle "GM"]
[BlackTitle "IM"]
[WhiteElo "2556"]
[BlackElo "2369"]
[WhiteFideId "34189030"]
[BlackFideId "25091794"]
[EventDate "2025.05.07"]

1. c4 e5 2. d3 Nf6 3. Nf3 c6 4. g3 Be7 5. Bg2 O-O 6. O-O d6 7. Nc3 h6 8. b4 Be6
9. Bb2 Nbd7 10. Rc1 a6 11. a3 d5 12. cxd5 cxd5 13. Na4 d4 14. e3 dxe3 15. fxe3
Qb8 16. Nc5 Bg4 17. h3 Bxf3 18. Qxf3 Bxc5 19. bxc5 e4 20. Qf4 Re8 21. Rfd1 Ne5
22. dxe4 Re7 23. Rd6 Qe8 24. Qf5 Rc8 25. Bd4 Nfd7 26. h4 Re6 27. Rd1 Qe7 28.
Bxe5 Nxe5 29. Bh3 Re8 30. Qf4 Rg6 31. Bf5 Rf6 32. R1d5 Ng6 33. Qg4 Ne5 34. Qh5
b6 35. Rxb6 Rxb6 36. cxb6 g6 37. Qxh6 gxf5 38. exf5 Nf3+ 39. Kf2 Nh2 40. Qg5+
Qxg5 41. hxg5 Ng4+ 42. Kf3 Ne5+ 43. Kf4 Nc4 44. b7 Kg7 45. Rd7 Nb6 46. Rd6 Nc4
47. Rxa6 Rb8 48. Ra7 Nd6 49. e4 Nb5 50. Ra4 Rxb7 51. Rb4 Kf8 52. a4 Nd6 53. Rxb7
Nxb7 54. Ke5 Ke7 55. Kd5 Kd7 56. e5 Na5 57. g4 Nb7 58. g6 fxg6 59. fxg6 Ke7 60.
Kc6 Na5+ 61. Kb5 Nb3 62. a5 1-0

[Event "Asian Individual 2025"]
[Site "Al Ain UAE"]
[Date "2025.05.07"]
[Round "1.27"]
[White "Setyaki, Azarya Jodi"]
[Black "Pranav, Anand"]
[Result "0-1"]
[WhiteTitle "IM"]
[BlackTitle "GM"]
[WhiteElo "2364"]
[BlackElo "2555"]
[WhiteFideId "7101589"]
[BlackFideId "46626786"]
[EventDate "2025.05.07"]

1. e4 c5 2. Nf3 d6 3. d4 cxd4 4. Nxd4 Nf6 5. Nc3 a6 6. h4 e5 7. Nb3 Be6 8. f4 g6
9. Be2 Nc6 10. Bf3 Rc8 11. Be3 exf4 12. Bxf4 Ne5 13. Qe2 Bg7 14. O-O-O Qb6 15.
Qe3 Qc7 16. Be2 O-O 17. Bg5 b5 18. Qd4 Nfg4 19. Qxd6 Nf2 20. Be7 Nxd1 21. Rxd1
Qxd6 22. Rxd6 Rfe8 23. Bg5 Bc4 24. Rxa6 b4 25. Bxc4 Nxc4 26. Nd5 Rxe4 27. c3
bxc3 28. bxc3 Kh8 0-1

[Event "Asian Individual 2025"]
[Site "Al Ain UAE"]
[Date "2025.05.07"]
[Round "1.28"]
[White "Sethuraman, S.P."]
[Black "Ritviz, Parab"]
[Result "1-0"]
[WhiteTitle "GM"]
[BlackTitle "IM"]
[WhiteElo "2552"]
[BlackElo "2362"]
[WhiteFideId "5021596"]
[BlackFideId "5073367"]
[EventDate "2025.05.07"]

1. d4 Nf6 2. c4 e6 3. Nf3 Bb4+ 4. Nc3 d5 5. cxd5 exd5 6. Bf4 O-O 7. e3 Bf5 8.
Qb3 Nc6 9. Be2 Ne4 10. O-O Bxc3 11. bxc3 Na5 12. Qb4 b6 13. Rfd1 g5 14. Bg3 h5
15. h3 Nxg3 16. fxg3 Qe8 17. Kh2 Qxe3 18. Re1 h4 19. gxh4 gxh4 20. Kh1 Qf4 21.
Ne5 Be4 22. Bg4 Rae8 23. Rf1 Qg3 24. Bf3 f6 25. Bxe4 dxe4 26. Nd7 f5 27. Nxf8
Rxf8 28. Qe7 Rf7 29. Qe8+ Kg7 30. Rae1 Rf8 31. Qa4 Rf7 32. Qe8 Rf8 33. Qb5 Nb7
34. Rxe4 fxe4 35. Qd7+ Kg6 36. Qe6+ Kh5 37. Rxf8 Qe1+ 38. Kh2 Qg3+ 39. Kg1 Qe3+
40. Rf2 1-0

[Event "Asian Individual 2025"]
[Site "Al Ain UAE"]
[Date "2025.05.07"]
[Round "1.29"]
[White "Abdyzhapar, Asylbek"]
[Black "Jumabayev, Rinat"]
[Result "1-0"]
[WhiteTitle "IM"]
[BlackTitle "GM"]
[WhiteElo "2355"]
[BlackElo "2551"]
[WhiteFideId "13800337"]
[BlackFideId "13702661"]
[EventDate "2025.05.07"]

1. e4 c5 2. Nf3 e6 3. d4 cxd4 4. Nxd4 a6 5. c4 Qc7 6. Nc3 Nf6 7. Be2 b6 8. f4
Bb4 9. e5 Ne4 10. Qd3 Bb7 11. O-O Bxc3 12. bxc3 O-O 13. Ba3 Nc5 14. Qe3 f5 15.
Nb3 Rc8 16. Rfd1 Ne4 17. Rab1 b5 18. Bd6 Qd8 19. c5 Nc6 20. Nd2 Na5 21. Nxe4
Bxe4 22. Rb4 Bc6 23. Rbd4 Qe8 24. h3 Nc4 25. Qf2 Nb2 26. R1d2 Na4 27. R2d3 Be4
28. Rg3 h6 29. Rxe4 fxe4 30. Qd4 Rab8 31. Qxe4 Nxc5 32. Qd4 Nb7 33. Bxb8 Rxb8
34. Bd3 Qf7 35. Bc2 Rc8 36. f5 Rc4 37. Qb6 d5 38. fxe6 Qe7 39. Qxa6 Nd8 40. Qxb5
Nxe6 41. Qxd5 Qc5+ 42. Qxc5 Rxc5 43. Bb3 Kf7 44. Bxe6+ Kxe6 45. Rxg7 Rxc3 46.
Rg6+ Kxe5 47. Rxh6 Ra3 48. Rh8 Rxa2 49. Rf8 Kd5 1-0

[Event "Asian Individual 2025"]
[Site "Al Ain UAE"]
[Date "2025.05.07"]
[Round "1.30"]
[White "Demidov, Mikhail"]
[Black "Belyakov, Bogdan"]
[Result "1/2-1/2"]
[WhiteTitle "GM"]
[BlackTitle "IM"]
[WhiteElo "2549"]
[BlackElo "2355"]
[WhiteFideId "4197143"]
[BlackFideId "24104795"]
[EventDate "2025.05.07"]

1. g3 Nf6 2. Bg2 c5 3. e4 Nc6 4. Ne2 e6 5. f4 h5 6. h3 d5 7. d3 dxe4 8. dxe4
Qxd1+ 9. Kxd1 b6 10. e5 Nd5 11. c4 Nde7 12. Nbc3 Ba6 13. Ne4 Kd7 14. b3 Nf5 15.
Bd2 Be7 16. Ke1 Rad8 17. Kf2 Kc7 18. Rad1 Bb7 19. Bc3 Ncd4 20. Bxd4 Nxd4 21.
N4c3 Nxe2 22. Nxe2 Bc8 23. Nc3 a6 24. Bf3 g6 25. Ke3 Rxd1 26. Rxd1 Rd8 27. Rh1
Rh8 28. Ne4 Bb7 29. Nd2 Bc8 30. Be4 Bd7 31. Nf3 b5 32. Rc1 Rd8 33. Ng5 Be8 34.
Bd3 Kb6 35. Nf3 Bc6 36. Be4 Be8 37. Bd3 Bc6 38. Be4 Be8 39. Bd3 1/2-1/2

[Event "Asian Individual 2025"]
[Site "Al Ain UAE"]
[Date "2025.05.07"]
[Round "1.31"]
[White "Raja, Rithvik R"]
[Black "Jin, Yueheng"]
[Result "1/2-1/2"]
[WhiteTitle "GM"]
[BlackTitle "IM"]
[WhiteElo "2545"]
[BlackElo "2353"]
[WhiteFideId "35007394"]
[BlackFideId "8616868"]
[EventDate "2025.05.07"]

1. Nf3 d5 2. g3 Nf6 3. Bg2 e6 4. O-O Be7 5. c4 O-O 6. b3 c5 7. cxd5 Nxd5 8. Bb2
Nc6 9. d4 cxd4 10. Nxd4 Bd7 11. Nd2 Nxd4 12. Bxd4 Bc6 13. Nf3 Nb6 14. Qd2 Bf6
15. Rfd1 Bxd4 16. Qxd4 Qxd4 17. Nxd4 Bxg2 18. Kxg2 a6 19. e4 Rfd8 20. f4 Kf8 21.
g4 Rac8 22. Rd2 Ke8 23. Rad1 Rc3 24. g5 Nc8 25. h4 Ne7 26. f5 exf5 27. exf5 Nc6
28. Ne2 Rc2 29. Rxc2 Rxd1 30. Ng3 Rd4 31. Re2+ Kd8 32. Ne4 g6 33. h5 gxh5 34.
Nf6 Rf4 35. Re8+ Kc7 36. Nd5+ Kd7 37. Nxf4 Kxe8 38. Kf3 h4 39. Kg4 f6 40. g6
hxg6 41. fxg6 Kf8 42. Kf5 Kg7 43. Nh5+ Kf8 44. Nf4 Kg7 45. Nh5+ Kf8 46. Ke4 1/2-1/2

[Event "Asian Individual 2025"]
[Site "Al Ain UAE"]
[Date "2025.05.07"]
[Round "1.32"]
[White "Prathamesh, Sunil Mokal"]
[Black "Goryachkina, Aleksandra"]
[Result "0-1"]
[WhiteTitle "IM"]
[BlackTitle "GM"]
[WhiteElo "2351"]
[BlackElo "2544"]
[WhiteFideId "5006040"]
[BlackFideId "4147103"]
[EventDate "2025.05.07"]

1. c4 e6 2. g3 d5 3. Nf3 d4 4. Bg2 Nc6 5. O-O Bc5 6. d3 Nf6 7. Na3 O-O 8. Nc2 a5
9. e3 e5 10. exd4 exd4 11. Bf4 h6 12. Qd2 Ra6 13. h3 Nh5 14. Qc1 Bf5 15. Rd1 Bh7
16. h4 Re8 17. Nce1 Qd7 18. Nh2 Rb6 19. Bd2 a4 20. Bf3 Nf6 21. Bf4 Nb4 22. Qd2
Rxe1+ 23. Qxe1 Nxd3 24. Qa5 Bb4 25. Qa8+ Bf8 26. c5 Rxb2 27. c6 bxc6 28. Qxa4
Nxf4 29. gxf4 d3 30. Rac1 Qh3 31. Rxc6 Qxh4 32. Qd4 Rb4 33. Rc4 c5 34. Qc3 Be4
35. Rxd3 Rxc4 36. Qxc4 Bxd3 37. Qxd3 Qxf4 38. Qd8 c4 39. Qc8 Qg5+ 40. Kf1 Qc1+
41. Kg2 c3 42. Nf1 Qg5+ 43. Ng3 h5 44. Kf1 Qc1+ 45. Kg2 c2 46. Ne2 Qd2 47. Qc4
g6 48. a4 Bb4 49. Qb3 Qg5+ 50. Kh3 Qc5 51. Qb2 Nh7 52. Kg2 Be1 0-1

[Event "Asian Individual 2025"]
[Site "Al Ain UAE"]
[Date "2025.05.07"]
[Round "1.33"]
[White "Dai, Changren"]
[Black "Akhilbay, Imangali"]
[Result "0-1"]
[WhiteTitle "GM"]
[BlackTitle "FM"]
[WhiteElo "2531"]
[BlackElo "2346"]
[WhiteFideId "8608156"]
[BlackFideId "13734857"]
[EventDate "2025.05.07"]

1. c4 e5 2. Nc3 Nf6 3. Nf3 Nc6 4. e3 h6 5. Qc2 g6 6. a3 Bg7 7. b4 d6 8. Bb2 O-O
9. Be2 a5 10. b5 Ne7 11. O-O Nd7 12. Rad1 Re8 13. d4 exd4 14. Nxd4 Nc5 15. Bf3
Nf5 16. Nb3 Nh4 17. Bd5 Bf5 18. e4 Bh3 19. f4 Bxg2 20. Nxc5 Bxf1 21. Nxb7 Qc8
22. Rxf1 Bd4+ 23. Rf2 Qh3 24. Kh1 Nf5 25. Kg1 Qg4+ 26. Kh1 Qh3 27. Kg1 Bxf2+ 28.
Qxf2 Ne3 29. Bc6 Nxc4 30. Ba1 Re6 31. Qg3 Qh5 32. a4 Nd2 33. Kg2 Rae8 34. h3
Nxe4 35. Bxe4 Rxe4 36. Nxe4 Rxe4 37. Bc3 Qd5 38. Kf2 Rxa4 39. Qh4 g5 40. Qxh6
Rxf4+ 41. Ke2 Qe4+ 0-1

[Event "Asian Individual 2025"]
[Site "Al Ain UAE"]
[Date "2025.05.07"]
[Round "1.34"]
[White "Xie, Felix"]
[Black "Lobanov, Sergei"]
[Result "1/2-1/2"]
[WhiteTitle "FM"]
[BlackTitle "GM"]
[WhiteElo "2345"]
[BlackElo "2527"]
[WhiteFideId "4308174"]
[BlackFideId "24183750"]
[EventDate "2025.05.07"]

1. d4 d5 2. c4 e6 3. Nf3 Nf6 4. g3 Bb4+ 5. Bd2 Be7 6. Bg2 O-O 7. O-O Nbd7 8. Qc2
c6 9. a4 a5 10. Rc1 Ne4 11. Ne1 Nxd2 12. Nxd2 Re8 13. Nd3 Bf8 14. e3 b6 15. cxd5
cxd5 16. Nb1 Ba6 17. Na3 Bxa3 18. Rxa3 Rc8 19. Rc3 Rxc3 20. Qxc3 Qb8 21. Bf1 Rc8
22. Qd2 g6 23. Rc3 Kg7 24. Qc1 Rxc3 25. Qxc3 Bxd3 26. Bxd3 Qd6 27. Kg2 h5 28. h4
Nf6 29. Bc2 Ng4 30. Bd1 Nf6 31. Bc2 Qe7 32. Bd3 Ng4 33. Be2 Nf6 34. Bd3 Ng4 35.
Be2 Nh6 36. Bd1 Nf5 37. Bc2 Nh6 38. Bd1 Nf5 39. Bc2 Nh6 1/2-1/2

[Event "Asian Individual 2025"]
[Site "Al Ain UAE"]
[Date "2025.05.07"]
[Round "1.35"]
[White "Makhnev, Denis"]
[Black "Otsuka, Shou"]
[Result "1/2-1/2"]
[WhiteTitle "GM"]
[BlackTitle "FM"]
[WhiteElo "2526"]
[BlackElo "2339"]
[WhiteFideId "13707647"]
[BlackFideId "7004702"]
[EventDate "2025.05.07"]

1. d4 Nf6 2. c4 e6 3. Nf3 d5 4. Nc3 Bb4 5. Bg5 Nbd7 6. cxd5 exd5 7. Nd2 c6 8. a3
Bd6 9. e3 O-O 10. Bd3 Re8 11. Qc2 Nf8 12. Ne2 Bd7 13. h3 Rc8 14. O-O Ng6 15. Nf3
h6 16. Bxh6 gxh6 17. Bxg6 fxg6 18. Qxg6+ Kh8 19. Qxh6+ Kg8 20. Qg6+ Kf8 21. Qh6+
Kg8 22. Qg6+ Kf8 23. Qh6+ 1/2-1/2

[Event "Asian Individual 2025"]
[Site "Al Ain UAE"]
[Date "2025.05.07"]
[Round "1.36"]
[White "Akshat, Khamparia"]
[Black "Madaminov, Mukhiddin"]
[Result "0-1"]
[WhiteTitle "IM"]
[BlackTitle "GM"]
[WhiteElo "2335"]
[BlackElo "2520"]
[WhiteFideId "5016541"]
[BlackFideId "14210703"]
[EventDate "2025.05.07"]

1. d4 Nf6 2. Nf3 d5 3. Bf4 c5 4. e3 Nc6 5. Nbd2 Qb6 6. dxc5 Qxb2 7. Rb1 Qc3 8.
Bb5 e6 9. O-O Be7 10. e4 O-O 11. e5 Nd7 12. Nb3 Qb4 13. Nfd4 Nxd4 14. Nxd4 Qxc5
15. Bd3 g6 16. Nb3 Qb4 17. Bd2 Qa4 18. Re1 b6 19. Qe2 a6 20. c3 Nc5 21. Bc2 Nxb3
22. Rxb3 Bd7 23. Rb2 Qc6 24. h4 Bxh4 25. Bd3 b5 26. Rb4 Be7 27. Rg4 Rac8 28. Qe3
f5 29. exf6 Rxf6 30. Qh6 e5 31. Rh4 Rf7 32. Rxe5 Bxh4 33. Qxh4 Rcf8 34. Be3 Qxc3
35. Rxd5 Bc6 36. Rd6 Rf6 37. Rd4 Qa1+ 38. Kh2 Qxa2 39. Rg4 Qd5 40. Bd4 Rf4 41.
Qh6 R8f6 42. Bxf6 Rxf6 43. Qh4 Rf4 0-1

[Event "Asian Individual 2025"]
[Site "Al Ain UAE"]
[Date "2025.05.07"]
[Round "1.37"]
[White "Adhiban, Baskaran"]
[Black "Yang, ZiLong"]
[Result "0-1"]
[WhiteTitle "GM"]
[BlackTitle "FM"]
[WhiteElo "2518"]
[BlackElo "2326"]
[WhiteFideId "5018471"]
[BlackFideId "8641528"]
[EventDate "2025.05.07"]

1. d4 Nf6 2. c4 e6 3. Nf3 c5 4. g3 cxd4 5. Nxd4 d5 6. Bg2 e5 7. Nf3 d4 8. O-O
Nc6 9. e3 Be7 10. exd4 exd4 11. Bf4 O-O 12. Re1 Be6 13. Nbd2 h6 14. Ne5 Qb6 15.
a3 Nxe5 16. Bxe5 Ng4 17. b4 Nxe5 18. Rxe5 Qc7 19. Qe1 Bd6 20. Rxe6 fxe6 21.
Qxe6+ Kh8 22. c5 Be7 23. Re1 Bg5 24. Qg6 Qf7 25. Qxf7 Rxf7 26. Nc4 Rb8 27. f4
Bf6 28. Nd6 Rc7 29. Nxb7 Rcxb7 30. Bxb7 Rxb7 31. Re8+ Kh7 32. c6 Rc7 33. b5 Kg6
34. Kf1 Kf7 35. Ra8 d3 36. Ke1 Bc3+ 37. Kf2 Ke7 38. a4 d2 39. Ke2 Kf7 40. Rd8
Re7+ 41. Kf2 Ba5 42. Rd6 Re1 43. c7 Rc1 0-1

[Event "Asian Individual 2025"]
[Site "Al Ain UAE"]
[Date "2025.05.07"]
[Round "1.38"]
[White "Omar, Noaman"]
[Black "Movahed, Sina"]
[Result "0-1"]
[WhiteTitle "IM"]
[BlackTitle "GM"]
[WhiteElo "2319"]
[BlackElo "2518"]
[WhiteFideId "9300244"]
[BlackFideId "42520835"]
[EventDate "2025.05.07"]

1. d4 Nf6 2. c4 g6 3. Nc3 Bg7 4. e4 d6 5. f3 O-O 6. Be3 Nc6 7. Nge2 a6 8. Qd2
Rb8 9. Rc1 Bd7 10. h4 h5 11. Nd5 Nh7 12. g3 e6 13. Ndc3 b5 14. cxb5 axb5 15. Bg2
Na5 16. b3 b4 17. Nd1 Bb5 18. Nf2 e5 19. dxe5 dxe5 20. Qxb4 Nxb3 21. Qxb3 Bxe2
22. Qc2 Ba6 23. Bf1 Qf6 24. Be2 Rfc8 25. Nh3 Ra8 26. Rh2 c5 27. Ng5 c4 28. Nxh7
Kxh7 29. Qc3 Bb5 30. Rb1 Bd7 31. Rb7 Be8 32. Bd1 Bf8 33. Rb6 Qe7 34. a4 Bxa4 35.
Bxa4 Rxa4 36. Rhb2 Ra3 37. Qc1 c3 38. R2b3 c2 0-1

[Event "Asian Individual 2025"]
[Site "Al Ain UAE"]
[Date "2025.05.07"]
[Round "1.39"]
[White "Aswath, S"]
[Black "Aziz, Husain"]
[Result "1-0"]
[WhiteTitle "IM"]
[BlackTitle "IM"]
[WhiteElo "2515"]
[BlackElo "2309"]
[WhiteFideId "46694919"]
[BlackFideId "12100293"]
[EventDate "2025.05.07"]

1. d4 d5 2. c4 e6 3. Nf3 Nf6 4. g3 dxc4 5. Bg2 c5 6. O-O Nc6 7. Ne5 Bd7 8. Nxc4
cxd4 9. Bf4 Be7 10. Nd6+ Kf8 11. Nxb7 Qb6 12. Nd6 Qc5 13. Qb3 Bxd6 14. Rc1 Qb4
15. Bxc6 Rc8 16. Bxd7 Rxc1+ 17. Bxc1 Qe1+ 18. Kg2 Qxc1 19. Ba4 g6 20. Qc2 Qe1
21. Qd2 Qxd2 22. Nxd2 Ke7 23. Nc4 Rb8 24. Rd1 e5 25. e3 dxe3 26. fxe3 Bc7 27. e4
h5 28. b3 a5 29. h4 Rg8 30. Kf3 Rb8 31. Bc6 Ke6 32. Rd3 Rg8 33. Bb5 Rb8 34. Bc6
Rg8 35. a3 g5 36. hxg5 Rxg5 37. b4 axb4 38. axb4 Rg8 39. b5 Rb8 40. Ra3 Bd6 41.
Ra6 Bc5 42. b6 1-0

[Event "Asian Individual 2025"]
[Site "Al Ain UAE"]
[Date "2025.05.07"]
[Round "1.40"]
[White "Senthil, Maran K"]
[Black "Aditya, Mittal"]
[Result "1/2-1/2"]
[WhiteTitle "IM"]
[BlackTitle "GM"]
[WhiteElo "2355"]
[BlackElo "2547"]
[WhiteFideId "25035681"]
[BlackFideId "35042025"]
[EventDate "2025.05.07"]

1. Nf3 d5 2. g3 Nc6 3. d4 Bf5 4. c3 e6 5. Nh4 Bg4 6. h3 Bh5 7. Ng2 f5 8. Nf4 Bf7
9. Nd3 Bd6 10. Bf4 g5 11. Bxd6 cxd6 12. h4 e5 13. hxg5 Qxg5 14. e3 Nge7 15. Nd2
Qf6 16. a4 h5 17. a5 h4 18. Rxh4 Rxh4 19. gxh4 f4 20. a6 fxe3 21. fxe3 e4 22.
Nf2 Qh6 23. Qe2 bxa6 24. O-O-O Qxh4 25. Bh3 Bh5 26. Ng4 Kd8 27. Rh1 Kc7 28. Qf2
Qxf2 29. Nxf2 Rf8 30. Bg4 Bxg4 31. Nxg4 Rg8 32. Nf6 Rg3 33. Rh7 Kb6 34. Rh5 Rxe3
35. Nxd5+ Nxd5 36. Nc4+ Kc7 37. Rxd5 Rf3 38. Kd2 Rf6 39. Rh5 Ne7 40. Rh7 Kd8 41.
Rh5 Kd7 42. Ra5 d5 43. Ne3 Rd6 44. b4 Ke6 1/2-1/2

[Event "Asian Individual 2025"]
[Site "Al Ain UAE"]
[Date "2025.05.07"]
[Round "1.41"]
[White "Al Hosani, Omran"]
[Black "Goganov, Aleksey"]
[Result "1/2-1/2"]
[WhiteTitle "IM"]
[BlackTitle "GM"]
[WhiteElo "2299"]
[BlackElo "2511"]
[WhiteFideId "9308733"]
[BlackFideId "24109959"]
[EventDate "2025.05.07"]

1. d4 Nf6 2. c4 e6 3. Nf3 d5 4. g3 Bb4+ 5. Bd2 Be7 6. Bg2 c6 7. Qc2 Nbd7 8. O-O
b6 9. Bf4 Bb7 10. Nbd2 c5 11. dxc5 Nxc5 12. Rfd1 O-O 13. cxd5 Nxd5 14. Nc4 b5
15. Ne3 Rc8 16. Nxd5 exd5 17. Bh3 Ne6 18. Qd2 Rc4 19. Be5 Bb4 20. Bc3 Bxc3 21.
bxc3 Nc5 22. Bf5 Na4 23. Bd3 Rc5 24. c4 bxc4 25. Bxh7+ Kxh7 26. Qc2+ Kg8 27.
Qxa4 Qc7 28. Rac1 Bc8 29. Nd4 Bd7 30. Qa3 Re8 31. Qc3 Ra5 32. Rd2 Ra6 33. Rb1
Rh6 34. Rdb2 Qe5 35. Rb7 Bh3 36. Rc1 Ra6 37. Rb2 Qh5 38. Rcb1 Qe5 39. Rc1 Rh6
40. Rcb1 Bf5 41. Rc1 Be4 42. f3 Qh5 43. h4 Bh7 44. Kf2 Qe5 45. Qd2 Rf6 46. f4
Qe7 47. Rc3 Qd7 48. Nf3 Rfe6 49. Ne5 Qd6 50. Qd4 f6 51. Nf3 Be4 52. Rd2 Qe7 53.
Re3 Kh8 54. h5 Bxf3 55. Rxe6 Qxe6 56. Kxf3 Qh3 57. Qxd5 f5 58. Kf2 Qh2+ 59. Qg2
Qxh5 60. Qf3 Qh2+ 61. Qg2 Qh6 62. Qf3 Qh2+ 63. Qg2 Qxg2+ 64. Kxg2 c3 65. Rc2 Rc8
66. Kf3 Kh7 67. g4 fxg4+ 68. Kxg4 Kg6 69. e4 Kf6 70. Kf3 g5 71. fxg5+ Kxg5 72.
Ke3 Rc4 1/2-1/2

[Event "Asian Individual 2025"]
[Site "Al Ain UAE"]
[Date "2025.05.07"]
[Round "1.42"]
[White "Suyarov, Mukhammadzokhid"]
[Black "Ahmad, Al Khatib"]
[Result "1-0"]
[WhiteTitle "IM"]
[BlackTitle "GM"]
[WhiteElo "2491"]
[BlackElo "2283"]
[WhiteFideId "14210495"]
[BlackFideId "8103178"]
[EventDate "2025.05.07"]

1. e4 e5 2. Nf3 Nc6 3. Bb5 a6 4. Bxc6 dxc6 5. O-O Bd6 6. d4 exd4 7. Qxd4 f6 8.
Nbd2 Be6 9. Qc3 Ne7 10. Nc4 Bxc4 11. Qxc4 Qd7 12. Be3 O-O-O 13. Nd4 Ng6 14. Nf5
Ne5 15. Qd4 c5 16. Nxd6+ cxd6 17. Qc3 Kb8 18. Rad1 Qa4 19. f3 Qxa2 20. b3 Qa3
21. Bd2 Nc6 22. Qc4 Ne5 23. Qd5 Qb2 24. Ba5 Rd7 25. Qe6 Qa2 26. Ra1 Qxc2 27. f4
Qxe4 28. Kh1 Qd4 29. fxe5 dxe5 30. Rac1 Rc8 31. h3 Qd5 32. Qg4 h5 33. Qxh5 Qxb3
34. Qg4 Qb5 35. Rb1 Qc6 36. Rb6 Qd5 37. Rfb1 c4 38. Rxa6 c3 39. Qa4 Rc4 40. Qa1
b5 41. Bxc3 Qb7 42. Qa5 Ra4 43. Rxb5 Rxa5 44. Raxa5 Qxb5 45. Rxb5+ Kc7 46. Kg1
Kd6 47. Kf2 Ke6 48. Ke2 Rc7 49. Bd2 Kf5 50. Kf3 Kg6 51. Be3 Kf7 52. Ra5 Rc4 53.
Ra7+ Kg8 54. g3 g5 55. Rb7 Ra4 56. Bf2 Rc4 57. h4 gxh4 58. gxh4 Rf4+ 59. Kg3 Rc4
60. Kh3 Ra4 61. Bg3 Rc4 62. h5 Ra4 63. h6 Rc4 64. Bh4 Rf4 65. h7+ Kh8 66. Rf7 1-0

[Event "Asian Individual 2025"]
[Site "Al Ain UAE"]
[Date "2025.05.07"]
[Round "1.43"]
[White "Ilkhomi, Jaloliddin"]
[Black "Huang, Renjie"]
[Result "1/2-1/2"]
[WhiteTitle "FM"]
[WhiteElo "2272"]
[BlackElo "2491"]
[WhiteFideId "14700948"]
[BlackFideId "8610134"]
[EventDate "2025.05.07"]

1. Nf3 d5 2. d4 Nf6 3. c4 e6 4. g3 Nc6 5. Bg2 Bb4+ 6. Nc3 dxc4 7. O-O O-O 8. Qa4
Nd5 9. Qc2 Be7 10. Rd1 Bd7 11. e4 Ncb4 12. Qd2 Nxc3 13. Qxc3 b5 14. Ne5 Nc6 15.
Nxc6 Bxc6 16. b3 a5 17. bxc4 b4 18. Qf3 Ba4 19. Rd3 Qd7 20. Bb2 Rad8 21. d5 f5
22. exf5 exf5 23. Re1 Bc5 24. Rd2 Rde8 25. Rde2 Rxe2 26. Qxe2 f4 27. g4 Re8 28.
Be4 g6 29. Ba1 f3 30. Qxf3 Rf8 31. Bf6 Qd6 32. g5 Bd4 33. Bf5 Bxf6 34. Be6+ Kg7
35. gxf6+ Rxf6 36. Qe3 Qf4 37. c5 Kf8 38. d6 cxd6 39. cxd6 Qxe3 40. Rxe3 Rf4 41.
Rd3 Ke8 42. Rd5 Bd7 43. Bxd7+ Kxd7 44. Rxa5 Kxd6 45. a3 b3 46. Rb5 Rf3 47. a4
Kc6 48. Kg2 Rd3 49. h4 h5 50. Kh2 Rd4 51. Kg3 1/2-1/2

[Event "Asian Individual 2025"]
[Site "Al Ain UAE"]
[Date "2025.05.07"]
[Round "1.44"]
[White "Ansat, Aldiyar"]
[Black "Matyakubov, Miraziz"]
[Result "1-0"]
[WhiteTitle "IM"]
[BlackTitle "CM"]
[WhiteElo "2489"]
[BlackElo "2272"]
[WhiteFideId "13715658"]
[BlackFideId "14215772"]
[EventDate "2025.05.07"]

1. e4 e5 2. Nf3 d6 3. d4 exd4 4. Nxd4 Nf6 5. Nc3 Be7 6. Bd3 O-O 7. O-O Re8 8.
Re1 Nc6 9. Nxc6 bxc6 10. Bg5 h6 11. Bh4 a5 12. Qd2 Nd7 13. Bxe7 Qxe7 14. Rad1
Nc5 15. Bf1 Bg4 16. f3 Bh5 17. Ne2 Bg6 18. Nd4 Qd7 19. Qc3 f6 20. b3 Reb8 21. a3
Rb6 22. b4 axb4 23. axb4 Na4 24. Qa3 Rbb8 25. Ra1 Bf7 26. f4 Kh8 27. Kh1 Qe8 28.
Nf5 Be6 29. Ng3 Bg8 30. Nf5 Be6 31. Qg3 Bxf5 32. exf5 Qf7 33. c3 Nb6 34. h3 Rxa1
35. Rxa1 Qb3 36. Kh2 Nd5 37. Ra6 Qxc3 38. Qxc3 Nxc3 39. Rxc6 Nd5 40. Bc4 Nxb4
41. Rxc7 d5 42. Bf1 Kg8 43. g4 Kf8 44. Kg3 Ra8 45. Kh4 Rd8 46. Kh5 d4 47. Kg6 d3
48. Rf7+ Ke8 49. Kxg7 Rd4 50. Bxd3 Rxd3 51. Rxf6 Rxh3 52. Re6+ Kd7 53. Re4 Rg3
54. Rxb4 Rxg4+ 55. Kf7 Kd6 56. Rb6+ Kd5 57. Rxh6 Rxf4 58. f6 Kd6 59. Kf8 Kd7 60.
f7 Rg4 61. Rh7 Ke6 62. Ke8 Kd5 1-0